Tutti pazzi per amore.
Spremljeno u:
| Format: | |
|---|---|
| Jezik: | talijanski |
| Izdano: |
Milano :
Mondo Home Entertainment [distribuzione],
c2008
|
| Oznake: |
Bez oznaka, Budi prvi tko označuje ovaj zapis!
|
MARC
| LEADER | 00000ngm a22000007ic4500 | ||
|---|---|---|---|
| 001 | IT\ICCU\UBO\3869939 | ||
| 003 | ItRI | ||
| 005 | 20260124182924.0 | ||
| 008 | 110623s2008 it |||||||||||||||k|||||c | ||
| 040 | |b ita | ||
| 041 | 7 | |a ita |2 ISO-639-2 | |
| 245 | 0 | 0 | |a Tutti pazzi per amore. |
| 260 | |a Milano : |b Mondo Home Entertainment [distribuzione], |c c2008 | ||
| 300 | |a 1 DVD video (ca. 162 min) : |b color | ||
| 500 | |a Codice area: 2 | ||
| 500 | |a Contiene episodi: 24: Ti sposerò perchè; 25: Ti lascerò; 26: Datemi un martello | ||
| 500 | |a Contenuti speciali: le sigle, gallery. | ||
| 773 | 0 | |w IT\ICCU\UBO\3716567 |t Tutti pazzi per amore | |
| 942 | |2 ddc |c VM |n 0 | ||
| 952 | |0 0 |1 0 |4 0 |6 VO_1704_000000000000000 |7 0 |9 28120 |a BO |b BO |d 2026-01-24 |i 13064 |l 0 |o VO 1704 |p BO13064 |r 2026-01-24 18:29:24 |w 2026-01-24 |x [Sebina 5] [dvd 1-8] |y VM |z dvd 8 | ||
| 981 | 1 | |6 z01 |a b |b xa2e | |
| 982 | 1 | |6 z01 |a g | |
| 999 | |c 23836 |d 23836 | ||